UK Rappers/Grime Artists - Statistics

General Stats
  • This quiz has been taken 669 times
  • The average score is 21 of 56
Answer Stats
Hint Answer % Correct
Ladbroke Grove AJ Tracey
89%
Shut Up Stormzy
87%
Clash Dave
86%
Shutdown Skepta
86%
Loading Central Cee
75%
I Dunno Tion Wayne
69%
Serious JME
67%
Chingy Digga D
66%
Body Russ Millions
65%
Homerton B Unknown T
63%
Talkin the Hardest Giggs
59%
Lean & Bop J Hus
58%
Flowers ArrDee
56%
Princess Cuts Headie One
55%
Barking Ramz
53%
30 Aitch
52%
UFO D-Block Europe
52%
B1llionz M1llionz
47%
NIC Nines
46%
We Don't Dance M24
44%
My Lover Not3s
42%
Bonkers Dizzee Rascal
41%
Biggest Mistake Fredo
41%
Nice & Good Knucks
38%
100 Thoughts SL
38%
M.E.N Bugzy Malone
37%
So High MIST
37%
What I Wanna MoStack
34%
Unsigned Hardy Caprio
33%
Don't Rush Young T & Bugsey
33%
Coward Chip
32%
Pass Out Tinie Tempah
32%
On Deck Abra Cadabra
30%
Never Really Mine Dutchavelli
30%
Mocking It JAY1
30%
G Love Krept & Konan
29%
Burning M Huncho
26%
On a Level Wiley
25%
Gas Mark 9 Ghetts
24%
Teardrops Kano
23%
More Money Meekz
21%
Bad To The Bone Nafe Smallz
17%
Unorthodox Wretch 32
15%
Rari Workout Lethal Bizzle
14%
Where & When P Money
13%
Jackuum D Double E
12%
Waiting Skrapz
12%
Belly Of The Beast Avelino
11%
Different Kind Frisco
11%
Fly Em' High Tiggs Da Author
10%
MAZZA Slowthai
9%
Doing Alright Big Zuu
8%
50 Grand Devlin
8%
Built This City Jammer
8%
Call Of Duty Youngs Teflon
6%
Baitest Sound Shorty
5%
No matching quizzes found
Score Distribution
Percent of People with Each Score
Percentile by Number Answered
Your Score History
You have not taken this quiz